000 01795nam a2200289Ia 4500
999 _c50905
_d50905
001 17860
003 GE_BSU
005 20250220125424.0
008 181216s2016||||ge |||||||||||||| ||geo||
020 _a9789941241789
040 _cGE_BSU
041 _ageo
080 _a27-36 წ-71
245 _aწმინდა იოანე სინელინი /
_cშემდგენელი სოფიო თავაძე ; გარეკანის დიზაინი რატი თორდია.
264 _aთბილისი :
_bპალიტრა L,
_c2016.
300 _a161გვ. ;
_c20 სმ.
490 _aსაქართველოს იმედი II : ყველა წმინდანი, რომელთა შესახებაც უნდა იცოდე, 2298-0547 / პროექტის რედაქტორი თამარ მამაცაშვილი ;
_vწ. 40.
500 _aიბეჭდება სრულიად საქართველოს კათოლიკოს-პატრიარქის, უწმინდესისა და უნეტარესის ილია II-ის ლოცვა-კურთხევით
504 _aბიბლიოგრაფია : გვ. 160
541 _h2 ლ.
653 _aრელიგია
653 _aწმინდა იოანე სინელი
700 _aთავაძე, სოფიო
_eშემდგენელი
_924403
700 _aმამაცაშვილი, თამარ
_eპროექტის რედაქტორი
_924404
700 _aთორდია, რატი
_eგარეკანის დიზაინერი
_917902
942 _cBK
_2udc